000 00842nam a2200229Ia 4500
001 16057
003 GE_BSU
008 181216s||||||||xx |||||||||||||| ||und||
040 _cGE_BSU
080 _a616-053.2(479.22)(092)
100 _aჯაფარიძე, ნუგზარ
245 _aვისი სული გსურს
245 _bმოთხრობა ბავშვთა ექიმ ვ. დიასამიძეზე
245 _cრედ.რ.სურმანიძე.
260 _aბათუმი
260 _bსაბჭ. აჭარა
260 _c1985
300 _a45გვ. : ილ. ; 17სმ.
653 _aვისი სული გსურს
653 _aმოთხრობა ბავშვთა ექიმ ვ. დიასამიძეზე
942 _cBK
999 _c49147
_d49147